Banking 5.0 How Fintech Will Change Traditional Banks in the 'New Normal' Post Pandemic

Guardado en:
Detalles Bibliográficos
Autor principal: Nicoletti, Bernardo
Formato: Libro
Lenguaje:inglés
Publicado: Cham Springer Nature Switzerland 2021
Edición:1st Edition
Colección:Palgrave Studies in Financial Services Technology
Materias:
Etiquetas: Agregar Etiqueta
Sin Etiquetas, Sea el primero en etiquetar este registro!

MARC

LEADER 00000nam a2200000 4500
001 0278939
005 20230118123635.3
020 |a 978-3-030-75870-7 
020 |a 978-3-030-75871-4 
041 0 |a eng 
044 |a CH 
245 1 0 |a Banking 5.0  |b How Fintech Will Change Traditional Banks in the 'New Normal' Post Pandemic  |c Bernardo Nicoletti 
250 |a 1st Edition 
264 1 |a Cham  |b Springer Nature Switzerland  |c 2021 
300 |a 540 s. 
490 1 |a Palgrave Studies in Financial Services Technology 
830 0 |a Palgrave Studies in Financial Services Technology 
610 2 0 |a bankovníctvo 
610 2 0 |a financie 
610 2 0 |a technológie nové 
610 2 0 |a služby finančné 
610 2 0 |a transformácia digitálna 
610 2 0 |a inštitúcie finančné 
610 2 0 |a pandémia 
610 2 0 |a koronakríza 
610 2 0 |a modely obchodné 
610 2 0 |a revolúcia priemyselná 
610 2 0 |a priemysel 
610 2 0 |a inteligencia umelá 
610 2 0 |a investovanie 
610 2 0 |a inovácia 
610 2 0 |a služby finančné 
100 1 |a Nicoletti, Bernardo